MPG6 survey figures released (Record no. 72707)
[ view plain ]
| 000 -LEADER | |
|---|---|
| fixed length control field | 01050cam a2200205 4500 |
| 001 - CONTROL NUMBER | |
| control field | WB3919-17 |
| 008 - FIXED-LENGTH DATA ELEMENTS--GENERAL INFORMATION | |
| fixed length control field | 030520n2003 000 0 eng u |
| 035 ## - SYSTEM CONTROL NUMBER | |
| System control number | (Sirsi) u122345 |
| 245 ## - TITLE STATEMENT | |
| Title | MPG6 survey figures released |
| 260 ## - PUBLICATION, DISTRIBUTION, ETC. | |
| Date of publication, distribution, etc. | 2003 |
| 490 ## - SERIES STATEMENT | |
| Series statement | RICS Minerals and Waste Management Faculty News |
| Volume/sequential designation | 13 May 2003 (1) |
| 520 ## - SUMMARY, ETC. | |
| Summary, etc. | The latest ODPM four yearly survey of primary aggregates showed that total sales of primary aggregates produced in England and Wales in 2001 were 192.9m tonnes, of which 59% were crushed rock and 33% were land worn sand and gravel and 8% marine dredged sand and gravel. A summary of the results can be seen at http://www.planning.odpm.gov.uk/minsur01/01.htm. http://www.rics.org/ricscms/bin/show?class=News&template=/includes/shownews.html&id=5772&faculty=Minerals%20and%20Waste%20Management&faculty=All%20Faculties |
| 590 ## - LOCAL NOTE (RLIN) | |
| Local note | WB |
| 650 ## - SUBJECT ADDED ENTRY--TOPICAL TERM | |
| Topical term or geographic name entry element | AGGREGATES MINERALS SURVEY |
| 650 ## - SUBJECT ADDED ENTRY--TOPICAL TERM | |
| Topical term or geographic name entry element | NATIONAL PARKS |
| 650 ## - SUBJECT ADDED ENTRY--TOPICAL TERM | |
| Topical term or geographic name entry element | QUARRYING |
| 650 ## - SUBJECT ADDED ENTRY--TOPICAL TERM | |
| Topical term or geographic name entry element | PRIMARY AGGREGATES |
| 690 ## - LOCAL SUBJECT ADDED ENTRY--TOPICAL TERM (OCLC, RLIN) | |
| Topical term or geographic name as entry element | MINING AND MINERALS |
| 942 ## - ADDED ENTRY ELEMENTS (KOHA) | |
| Suppress in OPAC | 0 |
| Withdrawn status | Lost status | Source of classification or shelving scheme | Damaged status | Not for loan | Home library | Current library | Shelving location | Date acquired | Total Checkouts | Full call number | Barcode | Date last seen | Copy number | Price effective from | Koha item type |
|---|---|---|---|---|---|---|---|---|---|---|---|---|---|---|---|
| Dewey Decimal Classification | London | London | News article | 20/05/2003 | WB3919-17 | 122345-1001 | 06/08/2019 | 1 | 06/08/2019 | News article |